000 00528nam a2200193 a 4500
001 1772625972022
003 YourLibrary
005 20260304173725.0
008 260304s1990##################000#0#eng##
020 _a9780521353328
082 0 4 _a327.470560904
_bGOL
100 1 _aGolan, Galia,
_eauthor.
245 1 0 _aSoviet Policies in the Middle East :
260 _bCambridge University Press,
_c1990.
300 _a329 pages
650 0 _aPolitical Science.
942 _cENGLISH
040 _aYourLibrary
_beng
_cYourLibrary
999 _c616921
_d616921